| Tag |
First Indicator |
Second Indicator |
Subfields |
| LEADER |
00000cam a2200000 a 4500 |
| 001 |
in00000092223 |
| 005 |
20160111123208.0 |
| 008 |
820615s1982 nyua 00010 eng |
| 010 |
|
|
|a 81084783
|
| 020 |
|
|
|a 0918438373 (pbk.) :
|c $19.95
|
| 020 |
|
|
|a 0918438896 (hard) :
|c $24.95
|
| 035 |
|
|
|a (OCoLC)08374580
|
| 035 |
|
|
|9 AAK7304AM
|
| 039 |
0 |
|
|a 2
|b 3
|c 3
|d 3
|e 3
|
| 040 |
|
|
|a DLC
|c DLC
|d TXA
|d UtOrBLW
|
| 049 |
|
|
|a TXAM
|c [1482130]
|
| 050 |
0 |
0 |
|a GV425
|b H63 1982
|
| 082 |
0 |
|
|a 711/.558
|2 19
|
| 100 |
1 |
|
|a Hogan, Paul,
|d 1927-
|
| 245 |
1 |
4 |
|a The nuts and bolts of playground construction /
|c Paul Hogan.
|
| 264 |
|
1 |
|a West Point, N.Y. :
|b Leisure Press,
|c [1982]
|
| 264 |
|
4 |
|c ©1982
|
| 300 |
|
|
|a 334 pages :
|b illustrations ;
|c 24 cm.
|
| 336 |
|
|
|a text
|b txt
|2 rdacontent
|
| 337 |
|
|
|a unmediated
|b n
|2 rdamedia
|
| 338 |
|
|
|a volume
|b nc
|2 rdacarrier
|
| 490 |
1 |
|
|a A Trilogy of play ;
|v v. 3
|
| 650 |
|
0 |
|a Playgrounds
|x Design and construction.
|
| 830 |
|
0 |
|a Trilogy of play ;
|v v. 3.
|
| 999 |
|
|
|a MARS
|
| 999 |
f |
f |
|s d135c153-b3aa-31d4-96cd-e42f2b5c1637
|i 04513158-f9f1-3949-90fc-45c35a32b38d
|t 0
|
| 952 |
f |
f |
|p ric
|a Texas A&M University
|b Rellis Campus
|c Joint Library Facility
|d Remote Storage
|t 0
|e GV425 H63 1982
|h Library of Congress classification
|i unmediated -- volume
|m A14805983454
|
| 998 |
f |
f |
|a GV425 H63 1982
|t 0
|l Remote Storage
|